Louis I. Kahn

Shranjeno v:
Bibliografske podrobnosti
Main Authors: Giurgola, Romaldo (Author), Mehta, Jaimini (Author)
Format: Knjiga
Jezik:nemščina
francoščina
Izdano: Zurich D'architecture Artemis 1975
Teme:
Oznake: Označite
Brez oznak, prvi označite!

MARC

LEADER 00000nam a2200000 a 4500
001 UCT2748
003 CL-VaPUC
008 961011e19750000SZ |||||||||||||||||ger|d
041 0 7 |a ger  |2 CL-VaPUC 
041 0 7 |a fre  |2 CL-VaPUC 
082 0 4 |a 724.6  |b GIU  |2 21 
100 |a Giurgola, Romaldo  |e author  |9 371765 
700 0 |a Mehta, Jaimini  |e author  |9 371766 
245 1 0 |a Louis I. Kahn 
300 |a 252 p 
942 |c BK 
945 |d 19961011 00:00:00  |a rbrito 
260 |a Zurich  |b D'architecture Artemis  |c 1975 
600 0 |a Kahn, Louis Isadore  |d 1901-1974  |9 557732 
650 0 |a Arquitectura moderna  |9 265021 
650 7 |a DISEÑOS Y PLANOS  |2 CL-VaPUC  |9 262672 
650 0 |a Obras ilustradas  |9 265022 
650 0 |a Diseño arquitectónico   |9 265271 
650 7 |a ESTRUCTURA  |2 CL-VaPUC  |9 355242 
650 0 |a Edificios   |9 260501 
650 0 |a Vivienda  |9 258662 
650 0 |a Construcción  |9 260195 
583 |a last modification  |c 19961011 00:00:00  |k Rodrigo Vera 
999 |c 252721  |d 252719 
952 |0 0  |1 0  |4 0  |6 724_600000000000000_GIU_1975  |7 0  |8 A  |9 272774  |a BIBARQ  |b BIBARQ  |d 2019-11-19  |i 3237915  |l 2  |m 1  |o 724.6 GIU 1975  |p 3237915  |r 2025-01-20  |s 2023-03-31  |w 2019-11-19  |y BK  |k ARQ